[Event "XXVIII Open Eporediese"]
[Site "Ivrea ITA"]
[Date "2011.02.24"]
[Round "5"]
[White "Moratto, Davide"]
[Black "Chiarotto, Filippo"]
[Result "0-1"]
[WhiteElo "1838"]
[BlackElo "2122"]
[PlyCount "62"]
[EventDate "2011.01.27"]

1. Nf3 c5 2. b3 d5 3. e3 Nc6 4. Bb2 a6 5. g3 Nf6 6. Bg2 Bf5 7. O-O Qd7 8. Ne5
Nxe5 9. Bxe5 Bh3 10. d3 h5 11. Nd2 h4 12. e4 Bxg2 13. Kxg2 Ng4 14. Bb2 hxg3 15.
hxg3 O-O-O 16. Rh1 Rxh1 17. Qxh1 dxe4 18. Nxe4 f5 19. Ng5 e5 20. Rd1 Be7 21.
Nf7 Rf8 22. Nxe5 Nxe5 23. Bxe5 Qd5+ 24. f3 Qxe5 25. Re1 Qf6 26. d4 g6 27. Qh6
Bd6 28. Qd2 Rh8 29. Qe3 g5 30. Qe6+ Qxe6 31. Rxe6 Kd7 0-1

[Event "XXVIII Open Eporediese"]
[Site "Ivrea ITA"]
[Date "2011.02.24"]
[Round "5"]
[White "Ranieri, Fabrizio"]
[Black "Paonessa, Denis"]
[Result "1-0"]
[WhiteElo "2279"]
[BlackElo "1892"]
[PlyCount "59"]
[EventDate "2011.01.27"]

1. e4 e5 2. Nf3 Nc6 3. Bc4 Nf6 4. d3 h6 5. O-O d6 6. c3 g6 7. Be3 Bg7 8. h3 O-O
9. Nbd2 Qe7 10. b4 Kh7 11. Re1 Ne8 12. d4 f5 13. dxe5 Nxe5 14. Nxe5 dxe5 15.
Qe2 f4 16. Bc5 Nd6 17. Bd5 Rd8 18. Rad1 Bf8 19. a4 c6 20. Bb3 b6 21. Bxd6 Rxd6
22. Nf3 Bb7 23. Qc4 Bg7 24. Rxd6 Qxd6 25. Qf7 Ba6 26. Rd1 Qf6 27. Qc7 Be2 28.
Rd6 Qf8 29. Nxe5 Rc8 30. Qd7 1-0

[Event "XXVIII Open Eporediese"]
[Site "Ivrea ITA"]
[Date "2011.02.24"]
[Round "5"]
[White "Rocchi, Enrico"]
[Black "Pitti, Gianluca"]
[Result "1-0"]
[WhiteElo "1944"]
[BlackElo "1398"]
[PlyCount "131"]
[EventDate "2011.01.27"]

1. e4 e5 2. Nf3 Nc6 3. d4 d6 4. Bb5 Bd7 5. c3 a6 6. Ba4 Nf6 7. O-O Nxe4 8. dxe5
dxe5 9. Qe2 Nd6 10. Bg5 f6 11. Bxc6 Bxc6 12. Nxe5 Qe7 13. Qh5+ g6 14. Nxg6 Qf7
15. Qe2+ Be7 16. Nxh8 Qg8 17. Re1 Qg7 18. Qh5+ Kd8 19. Ng6 hxg6 20. Qh6 Bf8 21.
Qxg7 Bxg7 22. Bf4 Nf5 23. Na3 g5 24. Rad1+ Bd7 25. Bc1 Ne7 26. Nc2 Ke8 27. Nd4
Bg4 28. f3 Bc8 29. b3 Kf7 30. Ba3 Nf5 31. Nxf5 Bxf5 32. Re7+ Kg6 33. Rxc7 b6
34. g4 Bc2 35. Rdd7 Bh8 36. Rc6 b5 37. Bc5 a5 38. Rdd6 Bb1 39. a3 a4 40. b4 Re8
41. Kf2 Re5 42. Bd4 Re8 43. Bxf6 Bxf6 44. Rxf6+ Kg7 45. Rfd6 Ba2 46. Rc7+ Bf7
47. Rdd7 Rf8 48. Kg3 Kf6 49. Rxf7+ Rxf7 50. Rxf7+ Kxf7 51. f4 Kf6 52. fxg5+
Kxg5 53. h4+ Kg6 54. Kf4 Kh6 55. Kf5 Kg7 56. h5 Kh7 57. Kf6 Kh6 58. g5+ Kxh5
59. g6 Kg4 60. g7 Kf4 61. g8=Q Ke4 62. Qd8 Kf4 63. Qd3 Kg4 64. Qe3 Kh4 65. Kf5
Kh5 66. Qh3# 1-0

[Event "XXVIII Open Eporediese"]
[Site "Ivrea ITA"]
[Date "2011.03.10"]
[Round "6"]
[White "Bellafiore, Enzo"]
[Black "Rocchi, Enrico"]
[Result "1/2-1/2"]
[WhiteElo "1807"]
[BlackElo "1944"]
[PlyCount "130"]
[EventDate "2011.01.27"]

1. d4 Nf6 2. Bf4 g6 3. e3 Bg7 4. Bd3 d5 5. Nd2 c6 6. h3 Nbd7 7. Ngf3 O-O 8. O-O
Re8 9. Re1 Nh5 10. Bh2 e5 11. dxe5 Nxe5 12. Nxe5 Bxe5 13. Bxe5 Rxe5 14. Nf3 Re8
15. c3 Qf6 16. Be2 Ng7 17. Qd4 Qd6 18. Rad1 Nf5 19. Qd2 Qf6 20. b4 Nd6 21. Qd4
Kg7 22. c4 Qxd4 23. Rxd4 Nxc4 24. Bxc4 dxc4 25. Rxc4 Be6 26. Rc2 a5 27. a3 axb4
28. axb4 Ra3 29. Rb2 Bc4 30. Rc1 Rb3 31. Rxb3 Bxb3 32. Nd4 Bd5 33. b5 cxb5 34.
Nxb5 Bc6 35. Nd4 Bd5 36. Rc7 Rb8 37. Nb5 Kf6 38. f3 Bc6 39. Nd6 Be8 40. Rxb7
Rxb7 41. Nxb7 Bc6 42. Nc5 Ke5 43. Kf2 g5 44. Nd3+ Ke6 45. g3 h6 46. f4 f6 47.
Nb4 Be4 48. Na2 h5 49. Nc3 Bf5 50. fxg5 fxg5 51. h4 gxh4 52. gxh4 Ke5 53. Kf3
Bg4+ 54. Kg3 Bf5 55. Kf3 Bg4+ 56. Kf2 Be6 57. Ne2 Ke4 58. Ng3+ Ke5 59. Nxh5 Bf7
60. Ng3 Bd5 61. Ne2 Kf5 62. Kg3 Be4 63. Nd4+ Kg6 64. Kg4 Bd3 65. Ne6 Bf5+
1/2-1/2

[Event "XXVIII Open Eporediese"]
[Site "Ivrea ITA"]
[Date "2011.03.10"]
[Round "6"]
[White "Chiarotto, Filippo"]
[Black "Ranieri, Fabrizio"]
[Result "0-1"]
[WhiteElo "2122"]
[BlackElo "2279"]
[PlyCount "50"]
[EventDate "2011.01.27"]

1. e4 e6 2. d4 d5 3. Nc3 Nf6 4. e5 Nfd7 5. f4 c5 6. Nf3 Nc6 7. Be3 cxd4 8. Nxd4
Qb6 9. Ncb5 Qd8 10. Bd3 Nc5 11. O-O Nxd3 12. Qxd3 a6 13. Na3 Bd7 14. c3 Bxa3
15. bxa3 O-O 16. Nxc6 Bxc6 17. f5 Bb5 18. Qd4 Bxf1 19. Rxf1 exf5 20. Rxf5 Rc8
21. Qd3 Qe7 22. Bd4 Rc6 23. Rh5 Rg6 24. a4 Qa3 25. Qc2 b5 0-1

[Event "XXVIII Open Eporediese"]
[Site "Ivrea ITA"]
[Date "2011.03.05"]
[Round "6"]
[White "Gennaro, Isabella"]
[Black "Castello, Leonardo"]
[Result "1-0"]
[WhiteElo "1628"]
[BlackElo "1353"]
[PlyCount "83"]
[EventDate "2011.01.27"]

1. e4 e5 2. Nf3 Nc6 3. Bb5 Nf6 4. O-O Bd6 5. h3 O-O 6. Bxc6 dxc6 7. Nc3 b5 8.
a3 Ba6 9. Re1 Rb8 10. d4 exd4 11. Nxd4 c5 12. Nc6 Qc8 13. Nxb8 Qxb8 14. e5 Bxe5
15. Rxe5 c4 16. Bg5 Ne8 17. Qg4 c6 18. Re4 Bc8 19. Qf4 Qxf4 20. Bxf4 Bf5 21.
Re7 a6 22. Ra7 Bc8 23. Rd1 Nf6 24. Rd6 Ne8 25. Rxc6 Bd7 26. Rxd7 Nf6 27. Rdc7
Nd5 28. Nxd5 h6 29. Rxa6 Rb8 30. Rxf7 Rf8 31. Rxf8+ Kxf8 32. Nc7 Ke7 33. Nxb5
g5 34. Be5 h5 35. Bf6+ Kd7 36. Bxg5 Ke8 37. Ra7 h4 38. Nd6+ Kf8 39. Bxh4 c3 40.
Bf6 Kg8 41. bxc3 Kf8 42. Ra8# 1-0

[Event "XXVIII Open Eporediese"]
[Site "Ivrea ITA"]
[Date "2011.03.05"]
[Round "6"]
[White "Giachino, Adriano"]
[Black "Trovero, Leo"]
[Result "0-1"]
[WhiteElo "1707"]
[BlackElo "1467"]
[PlyCount "70"]
[EventDate "2011.01.27"]

1. e4 c5 2. Nf3 d6 3. d4 cxd4 4. Nxd4 Nf6 5. Nc3 g6 6. Bg5 Nbd7 7. Bc4 Bg7 8.
Qd2 O-O 9. h4 a6 10. h5 b5 11. Be2 Nc5 12. Bh6 Ncxe4 13. Nxe4 Nxe4 14. Qe3 Nf6
15. Bxg7 Kxg7 16. hxg6 fxg6 17. O-O-O Rh8 18. Bd3 Ng4 19. Qe2 Ne5 20. f4 Bg4
21. Nf3 Bxf3 22. gxf3 Nxd3+ 23. Rxd3 Qf8 24. Rd4 Qf7 25. Kb1 Rac8 26. Rg1 Rc5
27. Re4 Re8 28. Re6 Rf5 29. Rh1 Rxf4 30. Qe3 Rxf3 31. Qd4+ Kg8 32. Rxg6+ Qxg6
33. Rg1 Rg3 34. Re1 Rg2 35. Rc1 Rc8 0-1

[Event "XXVIII Open Eporediese"]
[Site "Ivrea ITA"]
[Date "2011.02.28"]
[Round "6"]
[White "Giunto, Stefano"]
[Black "Bellotti, Giuseppe"]
[Result "1/2-1/2"]
[WhiteElo "1406"]
[BlackElo "1706"]
[PlyCount "71"]
[EventDate "2011.01.27"]

1. e4 e5 2. Nf3 Nc6 3. Nc3 Nf6 4. d4 exd4 5. Nd5 Nb4 6. Nxf6+ Qxf6 7. a3 Nc6 8.
Bb5 Bc5 9. O-O O-O 10. Bg5 Qg6 11. Re1 h6 12. Bh4 d6 13. Bg3 Bg4 14. Qd3 Bxf3
15. Qxf3 Ne5 16. Qf5 Qxf5 17. exf5 c6 18. Bxe5 dxe5 19. Rxe5 Bb6 20. Bd3 Rfe8
21. Rae1 Kf8 22. Kf1 Rxe5 23. Rxe5 Re8 24. Rxe8+ Kxe8 25. Ke2 Ke7 26. g4 Bc7
27. h4 Bf4 28. b3 Kd6 29. Kf3 Bc1 30. a4 Ke5 31. h5 f6 32. Ke2 a5 33. f3 Kd6
34. Bc4 Kc5 35. Kd3 Bb2 36. Bf7 1/2-1/2

[Event "XXVIII Open Eporediese"]
[Site "Ivrea ITA"]
[Date "2011.03.05"]
[Round "6"]
[White "Paonessa, Denis"]
[Black "Moratto, Davide"]
[Result "0-1"]
[WhiteElo "1892"]
[BlackElo "1838"]
[PlyCount "94"]
[EventDate "2011.01.27"]

1. d4 e6 2. c4 b6 3. e4 Bb7 4. Bd3 d5 5. cxd5 exd5 6. e5 c5 7. Nf3 cxd4 8. Nxd4
Bb4+ 9. Nc3 Ne7 10. O-O O-O 11. Qh5 Ng6 12. Bg5 Be7 13. Be3 Nc6 14. e6 Nxd4 15.
exf7+ Rxf7 16. Bxd4 Bf6 17. Bxg6 hxg6 18. Qd1 Rd7 19. Re1 Rc8 20. Qd3 Bxd4 21.
Qxd4 Rc4 22. Qe5 Rc6 23. Rad1 Rf6 24. Nb5 Qf8 25. Qe3 Rdf7 26. Rd2 Qc5 27. Nd4
Rf4 28. Ne6 Qxe3 29. Rxe3 Rc4 30. f3 Rd7 31. Ng5 Rd8 32. Re7 Bc6 33. Rxg7+ Kxg7
34. Ne6+ Kf6 35. Nxd8 Ba8 36. Re2 d4 37. Re6+ Kf5 38. Kf2 Rc2+ 39. Ke1 Rxg2 40.
Rd6 Rxh2 41. Rxd4 Bxf3 42. Nf7 Re2+ 43. Kf1 Rxb2 44. Ra4 a5 45. Nd6+ Ke6 46.
Ne8 Bc6 47. Ng7+ Kf7 0-1

[Event "XXVIII Open Eporediese"]
[Site "Ivrea ITA"]
[Date "2011.03.10"]
[Round "6"]
[White "Pitti, Gianluca"]
[Black "Bogatto, Mario"]
[Result "0-1"]
[WhiteElo "1398"]
[BlackElo "1458"]
[PlyCount "134"]
[EventDate "2011.01.27"]

1. e4 d6 2. Nf3 Nf6 3. Nc3 a6 4. d4 c6 5. Bg5 Nbd7 6. e5 dxe5 7. dxe5 Ng4 8.
Bf4 Qb6 9. Qd2 e6 10. h3 Nh6 11. Bxh6 gxh6 12. Na4 Qd8 13. O-O-O a5 14. g4 b5
15. Nc3 Bb4 16. a3 Bxc3 17. Qxc3 Qc7 18. Qe3 Bb7 19. Qxh6 O-O-O 20. Qe3 Nb6 21.
Rxd8+ Rxd8 22. Bd3 Nd5 23. Qg5 b4 24. a4 c5 25. Bxh7 Nb6 26. Rd1 Rxd1+ 27. Kxd1
Bxf3+ 28. Kc1 Qd7 29. Qd2 Qxd2+ 30. Kxd2 Kd8 31. Ke3 Bd5 32. b3 c4 33. f4 cxb3
34. cxb3 Nd7 35. Bc2 Nc5 36. h4 Ke7 37. Kd2 Nxb3+ 38. Bxb3 Bxb3 39. Kc1 Bxa4
40. h5 Kf8 41. f5 exf5 42. gxf5 Be8 43. h6 Kg8 44. e6 fxe6 45. fxe6 a4 46. Kb2
Kh7 47. e7 Kxh6 48. Ka2 Kg7 49. Kb2 Kf7 50. Ka2 Kxe7 51. Kb2 Bf7 52. Kb1 Kd6
53. Kb2 Kc5 54. Kb1 Bg6+ 55. Kb2 Kd4 56. Ka2 Ke3 57. Kb2 Kd2 58. Ka2 Bh5 59.
Kb2 Bd1 60. Ka2 Kc3 61. Kb1 Bb3 62. Ka1 a3 63. Kb1 Bc2+ 64. Ka2 b3+ 65. Ka1 b2+
66. Ka2 b1=Q+ 67. Kxa3 Qb3# 0-1

[Event "XXVIII Open Eporediese"]
[Site "Ivrea ITA"]
[Date "2011.03.03"]
[Round "6"]
[White "Razzano, Lorenzo"]
[Black "Castaldo, Antonio"]
[Result "1-0"]
[WhiteElo "1941"]
[BlackElo "1669"]
[PlyCount "75"]
[EventDate "2011.01.27"]

1. e4 d6 2. d4 Nf6 3. Nc3 g6 4. f4 Bg7 5. e5 Nfd7 6. Nf3 O-O 7. h4 dxe5 8. dxe5
c6 9. h5 Nb6 10. Be3 Bg4 11. hxg6 fxg6 12. Be2 Nd5 13. Nxd5 cxd5 14. Qd2 e6 15.
O-O-O Bxf3 16. Bxf3 Nc6 17. Rh3 Rf7 18. g4 Qc7 19. Rdh1 Bf8 20. Qd3 Nb4 21.
Qxg6+ Rg7 22. Rxh7 Qxc2+ 23. Qxc2 Nxc2 24. Rxg7+ Bxg7 25. Kxc2 Rc8+ 26. Kd3 b6
27. Rc1 Rf8 28. Kd4 Rf7 29. b4 Bh6 30. f5 Bxe3+ 31. Kxe3 d4+ 32. Ke4 exf5+ 33.
gxf5 d3 34. Rd1 Rh7 35. Rxd3 Rh4+ 36. Kd5 Rxb4 37. f6 Rb5+ 38. Ke6 1-0

[Event "XXVIII Open Eporediese"]
[Site "Ivrea ITA"]
[Date "2011.03.05"]
[Round "6"]
[White "Renzini, Lorenzo"]
[Black "Bosticardo, Tommaso"]
[Result "1-0"]
[WhiteElo "1747"]
[BlackElo "1649"]
[PlyCount "53"]
[EventDate "2011.01.27"]

1. c4 e5 2. Nc3 Nf6 3. g3 Nc6 4. Bg2 Be7 5. e3 d6 6. Nge2 O-O 7. O-O Be6 8. b3
Qd7 9. d4 exd4 10. Nxd4 Bh3 11. Nxc6 bxc6 12. Qf3 Bxg2 13. Kxg2 d5 14. Rd1 Rad8
15. Bb2 Qe6 16. cxd5 cxd5 17. Nb5 c6 18. Nd4 Qd7 19. Rac1 c5 20. Nf5 Rfe8 21.
Nxe7+ Qxe7 22. Bxf6 gxf6 23. Rxd5 Rc8 24. Qg4+ Kh8 25. Rd7 Qe5 26. Qc4 Re6 27.
Rxf7 1-0

[Event "XXVIII Open Eporediese"]
[Site "Ivrea ITA"]
[Date "2011.03.16"]
[Round "7"]
[White "Bellotti, Giuseppe"]
[Black "Bosticardo, Tommaso"]
[Result "1/2-1/2"]
[WhiteElo "1706"]
[BlackElo "1649"]
[PlyCount "42"]
[EventDate "2011.01.27"]

1. e4 e5 2. Nf3 Nc6 3. Bb5 Nf6 4. O-O Nxe4 5. d4 Nd6 6. Bxc6 dxc6 7. dxe5 Nf5
8. Qxd8+ Kxd8 9. b3 Be7 10. Bb2 Be6 11. Nbd2 Kc8 12. Rad1 b6 13. Rfe1 Kb7 14.
Nf1 c5 15. Ng3 Nxg3 16. hxg3 Rad8 17. Kf1 Rxd1 18. Rxd1 Rd8 19. Ke2 Rxd1 20.
Kxd1 Kc6 21. c4 a5 1/2-1/2

[Event "XXVIII Open Eporediese"]
[Site "Ivrea ITA"]
[Date "2011.03.16"]
[Round "7"]
[White "Bosticardo, Andrea"]
[Black "Bogatto, Mario"]
[Result "0-1"]
[WhiteElo "1302"]
[BlackElo "1458"]
[PlyCount "98"]
[EventDate "2011.01.27"]

1. d4 d5 2. c4 e6 3. Nc3 c6 4. Nf3 Nf6 5. Bg5 Be7 6. e3 Nbd7 7. Be2 dxc4 8.
Bxc4 Nd5 9. Bxe7 Qxe7 10. Nxd5 exd5 11. Bd3 Nf6 12. O-O Bg4 13. h3 Bd7 14. Qb3
Rb8 15. Rae1 O-O 16. Qc2 Ne4 17. Nh2 f5 18. f3 Nd6 19. f4 Rf6 20. Nf3 Be8 21.
g4 Ne4 22. gxf5 Rxf5 23. Kh1 Rf6 24. Rg1 Rg6 25. Qh2 Rd8 26. Rxg6 Bxg6 27. Rg1
Bh5 28. Ne5 Rf8 29. Qg2 Nf6 30. Qg3 Be8 31. Bf1 Nh5 32. Qg2 Nf6 33. Qg3 Nd7 34.
h4 Nxe5 35. fxe5 Bg6 36. Qg4 Bf5 37. Qg3 Qf7 38. Kh2 Re8 39. Bh3 Bxh3 40. Kxh3
Re6 41. Qe1 Qf5+ 42. Kh2 Rh6 43. Qg3 Rg6 44. Qe1 Qc2+ 45. Kh1 Qe4+ 46. Kh2 Rh6
47. Kh3 Qf5+ 48. Rg4 Rg6 49. Qg3 h5 0-1

[Event "XXVIII Open Eporediese"]
[Site "Ivrea ITA"]
[Date "2011.03.17"]
[Round "7"]
[White "Castaldo, Antonio"]
[Black "Paonessa, Denis"]
[Result "1-0"]
[WhiteElo "1669"]
[BlackElo "1892"]
[PlyCount "65"]
[EventDate "2011.01.27"]

1. Nc3 e5 2. d3 d5 3. Nf3 Nc6 4. g3 Nf6 5. Bg2 Be7 6. Bg5 d4 7. Bxf6 Bxf6 8.
Ne4 Be7 9. O-O f5 10. Ned2 Be6 11. c3 dxc3 12. bxc3 O-O 13. Nb3 Qd6 14. Nfd2
Rad8 15. Qc2 Bg5 16. Rfd1 f4 17. Ne4 Qe7 18. Nxg5 Qxg5 19. Nc5 Bc8 20. Qb3+ Kh8
21. Ne6 Bxe6 22. Qxe6 fxg3 23. hxg3 Rf6 24. Qc4 Rdf8 25. Rf1 Qd2 26. Rae1 Rxf2
27. Qc5 Rxf1+ 28. Rxf1 Rxf1+ 29. Kxf1 h5 30. Qf8+ Kh7 31. Be4+ g6 32. Qf7+ Kh8
33. Qxg6 1-0

[Event "XXVIII Open Eporediese"]
[Site "Ivrea ITA"]
[Date "2011.03.12"]
[Round "7"]
[White "Castello, Leonardo"]
[Black "Giachino, Adriano"]
[Result "0-1"]
[WhiteElo "1353"]
[BlackElo "1707"]
[PlyCount "42"]
[EventDate "2011.01.27"]

1. e4 c5 2. Nf3 Nc6 3. Bb5 Nf6 4. Nc3 e5 5. O-O d6 6. d3 h6 7. a3 Be7 8. Re1
Be6 9. b4 a6 10. Bxc6+ bxc6 11. bxc5 dxc5 12. Bb2 Bd6 13. Na4 O-O 14. Bxe5 Bxe5
15. Nxe5 Qd4 16. Nb6 Rac8 17. Nxc8 Qxe5 18. Ne7+ Kh8 19. Nxc6 Qg5 20. e5 Bd5
21. Ne7 Qxg2# 0-1

[Event "XXVIII Open Eporediese"]
[Site "Ivrea ITA"]
[Date "2011.03.18"]
[Round "7"]
[White "Chiarotto, Filippo"]
[Black "Razzano, Lorenzo"]
[Result "1/2-1/2"]
[WhiteElo "2122"]
[BlackElo "1941"]
[PlyCount "47"]
[EventDate "2011.01.27"]

1. Nf3 Nf6 2. d4 b6 3. c4 e6 4. a3 Bb7 5. Nc3 Be7 6. e3 O-O 7. Qc2 c5 8. dxc5
bxc5 9. e4 d5 10. Bd3 dxe4 11. Nxe4 Bxe4 12. Bxe4 Nxe4 13. Qxe4 Nd7 14. O-O Nf6
15. Qe2 Qc7 16. Bg5 Rfd8 17. Rad1 Rxd1 18. Rxd1 Rd8 19. Rxd8+ Qxd8 20. Bxf6
Bxf6 21. b4 Bb2 22. bxc5 Bxa3 23. c6 Bc5 24. g3 1/2-1/2

[Event "XXVIII Open Eporediese"]
[Site "Ivrea ITA"]
[Date "2011.03.17"]
[Round "7"]
[White "Moratto, Davide"]
[Black "Ranieri, Fabrizio"]
[Result "1/2-1/2"]
[WhiteElo "1838"]
[BlackElo "2279"]
[PlyCount "56"]
[EventDate "2011.01.27"]

1. e4 e6 2. d4 d5 3. Nc3 Nf6 4. Bg5 Bb4 5. e5 h6 6. exf6 hxg5 7. fxg7 Rg8 8. h4
gxh4 9. Qg4 e5 10. Qxh4 Qxh4 11. Rxh4 f6 12. O-O-O Bxc3 13. bxc3 Be6 14. dxe5
fxe5 15. Nf3 Nd7 16. Ng5 Ke7 17. Nxe6 Kxe6 18. g3 Nf6 19. Re1 Rxg7 20. c4 d4
21. Rxd4 Rh8 22. c5 Rh2 23. Bc4+ Kf5 24. Bd3+ Ke6 25. Bc4+ Kf5 26. Bd3+ e4 27.
Bxe4+ Nxe4 28. Rdxe4 Rxf2 1/2-1/2

[Event "XXVIII Open Eporediese"]
[Site "Ivrea ITA"]
[Date "2011.03.12"]
[Round "7"]
[White "Trovero, Leo"]
[Black "Giunto, Stefano"]
[Result "1-0"]
[WhiteElo "1467"]
[BlackElo "1406"]
[PlyCount "107"]
[EventDate "2011.01.27"]

1. d4 d5 2. c4 e6 3. Nc3 Nf6 4. Bg5 Nbd7 5. cxd5 exd5 6. e3 c6 7. Nf3 Be7 8.
Bd3 O-O 9. O-O Re8 10. Qc2 Nf8 11. Rac1 Ng6 12. h3 Bf8 13. a3 a6 14. b4 b5 15.
Ne2 Bb7 16. Bxg6 hxg6 17. Ne5 Rc8 18. Nd3 Qd6 19. Nc5 Qe7 20. Ng3 Red8 21. Rfd1
Rd6 22. e4 dxe4 23. Ngxe4 Rd5 24. Nxf6+ gxf6 25. Nxb7 Qxb7 26. Bxf6 Bd6 27. Qd2
Rh5 28. Re1 Rf5 29. Be5 Rd8 30. Bxd6 Rxd6 31. Qh6 Qb8 32. Re4 g5 33. Re8+ Qxe8
34. Qxd6 Rd5 35. Qxc6 Qxc6 36. Rxc6 Rxd4 37. Rxa6 Rd1+ 38. Kh2 Ra1 39. Kg3 Kg7
40. Kg4 Ra2 41. Kf3 f6 42. Ra5 Kg6 43. Rxb5 Rxa3+ 44. Ke4 Ra4 45. Kd5 Ra2 46.
Rb8 Rxf2 47. b5 Rxg2 48. b6 f5 49. b7 f4 50. Rg8+ Kh5 51. b8=Q Rd2+ 52. Ke4
Re2+ 53. Kf3 Re3+ 54. Kf2 1-0

[Event "XXVIII Open Eporediese"]
[Site "Ivrea ITA"]
[Date "2011.03.31"]
[Round "9"]
[White "Agostino, Pietro"]
[Black "Pitti, Gianluca"]
[Result "1-0"]
[WhiteElo "1507"]
[BlackElo "1398"]
[PlyCount "141"]
[EventDate "2011.01.27"]

1. e4 e5 2. Nf3 Nc6 3. Bb5 Nf6 4. d3 Bd6 5. a3 O-O 6. O-O Nd4 7. Nxd4 exd4 8.
Nd2 Qe7 9. Re1 Qe5 10. Nf3 Qxb5 11. Nxd4 Qh5 12. Nf3 Re8 13. h3 Be5 14. c3 d6
15. d4 Qg6 16. Kf1 Bh2 17. Nxh2 Rxe4 18. Rxe4 Qxe4 19. Bg5 Qf5 20. Bh4 Be6 21.
Qf3 Qxf3 22. Nxf3 Bc4+ 23. Kg1 Ne4 24. Re1 Bd5 25. c4 Nxf2 26. Bxf2 Bxc4 27.
Re7 Rc8 28. Ng5 f6 29. Nf3 a5 30. Nd2 Kf8 31. Re1 Bd3 32. d5 c5 33. Nb3 b6 34.
Nc1 Bc4 35. b4 Bxd5 36. bxa5 bxa5 37. Bg3 Rd8 38. Ne2 c4 39. Nc3 Bc6 40. Re6
Kf7 41. Rxd6 Rxd6 42. Bxd6 Ke6 43. Bc7 a4 44. Kf2 Kd7 45. Bb8 Kc8 46. Bd6 Kd7
47. Bf8 Ke6 48. Bxg7 f5 49. g3 Be4 50. Nxa4 Kd5 51. Nc3+ Kc5 52. Ke3 Bg2 53. h4
Bh3 54. Bf8+ Kb6 55. Kd4 Bf1 56. a4 Ka5 57. Ke5 Bh3 58. Kf6 h6 59. Kg6 Kb6 60.
Kxh6 Kc6 61. Kg5 Kd7 62. h5 Ke6 63. h6 Ke5 64. h7 Kd4 65. h8=Q+ Kd3 66. Bb4 Kc2
67. Qxh3 Kb3 68. Ba5 Kc2 69. Kxf5 Kd3 70. g4+ Kd4 71. Bb6# 1-0

[Event "XXVIII Open Eporediese"]
[Site "Ivrea ITA"]
[Date "2011.03.30"]
[Round "9"]
[White "Bosticardo, Andrea"]
[Black "Paonessa, Denis"]
[Result "0-1"]
[WhiteElo "1302"]
[BlackElo "1892"]
[PlyCount "32"]
[EventDate "2011.01.27"]

1. e4 e5 2. Nf3 Nc6 3. Nc3 Nf6 4. Bc4 Nxe4 5. Nxe4 d5 6. Bxd5 Qxd5 7. Nfg5 Bf5
8. d3 O-O-O 9. O-O h6 10. c4 Qxd3 11. Be3 Qxd1 12. Raxd1 Rxd1 13. Rxd1 hxg5 14.
Nxg5 f6 15. Nf7 Rh7 16. Bxa7 b6 0-1

[Event "XXVIII Open Eporediese"]
[Site "Ivrea ITA"]
[Date "2011.03.31"]
[Round "9"]
[White "Castaldo, Antonio"]
[Black "Bellafiore, Enzo"]
[Result "1/2-1/2"]
[WhiteElo "1669"]
[BlackElo "1807"]
[PlyCount "65"]
[EventDate "2011.01.27"]

1. Nf3 e6 2. g3 d5 3. Bg2 Nf6 4. O-O c5 5. d3 Be7 6. Nc3 Bd7 7. e4 d4 8. Ne2
Nc6 9. Bg5 e5 10. Ne1 Ng4 11. Bxe7 Qxe7 12. h3 Nf6 13. f4 O-O 14. Nf3 h6 15.
fxe5 Nxe5 16. Nxe5 Qxe5 17. Nf4 Rab8 18. Qf3 Nh7 19. Nd5 Ng5 20. Qf4 Rbe8 21.
Qxe5 Rxe5 22. g4 b5 23. Rf2 h5 24. gxh5 Bxh3 25. Nf4 Bg4 26. Raf1 Nh7 27. Bf3
Nf6 28. Bxg4 Nxg4 29. Ng6 Rg5 30. Ne7+ Kh7 31. Rf5 Rxf5 32. Rxf5 Re8 33. Nd5
1/2-1/2

[Event "XXVIII Open Eporediese"]
[Site "Ivrea ITA"]
[Date "2011.03.26"]
[Round "9"]
[White "Gennaro, Isabella"]
[Black "Giunto, Stefano"]
[Result "1-0"]
[WhiteElo "1628"]
[BlackElo "1406"]
[PlyCount "53"]
[EventDate "2011.01.27"]

1. e4 e5 2. Nf3 Nc6 3. Bb5 a6 4. Bxc6 dxc6 5. O-O Nf6 6. h3 Bd6 7. Nc3 O-O 8.
Re1 Re8 9. d4 exd4 10. e5 dxc3 11. exf6 Rxe1+ 12. Qxe1 gxf6 13. bxc3 Bf5 14.
Nd4 Bg6 15. Qe2 Be5 16. Be3 Qe7 17. Qg4 Kh8 18. Rc1 Qa3 19. h4 Rg8 20. h5 Bxc2
21. Qf3 Bd3 22. Bh6 Rf8 23. Qxd3 Rg8 24. Nf3 Qxa2 25. Nxe5 fxe5 26. c4 b5 27.
Qf5 1-0

[Event "XXVIII Open Eporediese"]
[Site "Ivrea ITA"]
[Date "2011.03.31"]
[Round "9"]
[White "Razzano, Lorenzo"]
[Black "Moratto, Davide"]
[Result "1/2-1/2"]
[WhiteElo "1941"]
[BlackElo "1838"]
[PlyCount "31"]
[EventDate "2011.01.27"]

1. Nf3 Nf6 2. b3 d6 3. d4 Bg4 4. Bb2 g6 5. e3 Bg7 6. Bd3 a5 7. h3 Bxf3 8. Qxf3
c6 9. a3 Na6 10. Nd2 d5 11. O-O O-O 12. c4 e6 13. Qe2 Nc7 14. f4 h5 15. Nf3 Nh7
16. Qf2 1/2-1/2

[Event "XXVIII Open Eporediese"]
[Site "Ivrea ITA"]
[Date "2011.03.31"]
[Round "9"]
[White "Renzini, Lorenzo"]
[Black "Ranieri, Fabrizio"]
[Result "0-1"]
[WhiteElo "1747"]
[BlackElo "2279"]
[PlyCount "30"]
[EventDate "2011.01.27"]

1. c4 e6 2. Nf3 d5 3. cxd5 exd5 4. d4 c6 5. e3 Nf6 6. Nc3 Bd6 7. Be2 O-O 8. O-O
Nbd7 9. Bd2 Re8 10. a3 Nf8 11. Rc1 Bf5 12. b4 Ne4 13. Na4 Re6 14. Nc5 Rh6 15.
Nxb7 Bxh2+ 0-1

[Event "XXVIII Open Eporediese"]
[Site "Ivrea ITA"]
[Date "2011.03.31"]
[Round "9"]
[White "Rocchi, Enrico"]
[Black "Chiarotto, Filippo"]
[Result "1/2-1/2"]
[WhiteElo "1944"]
[BlackElo "2122"]
[PlyCount "25"]
[EventDate "2011.01.27"]

1. e4 e6 2. d4 c5 3. Nf3 cxd4 4. Nxd4 a6 5. Nc3 Qc7 6. Be2 Nf6 7. a3 Nc6 8. O-O
Nxd4 9. Qxd4 Bc5 10. Qd3 b5 11. Be3 Bb7 12. Rad1 O-O 13. Bf3 1/2-1/2